000 00363cam a2200157ua 4500
041 _aeng
_h
082 _a828.09
_bBUT/FI
100 _aButt, John .
245 _aFielding /
_cJohn Butt.
_hTextual Documents
250 _a1 /
_b.
260 _aLondon :
_bLongman Green and Co ,
_c1959.
300 _a35 ; .
504 _a
942 _cBK
999 _c6706
_d6706